00649nam a22002297a 450000500170000000800410001702000180005804000190007604100080009505000200010310000200012324500790014326000340022230000360025660000200029260000190031265000210033165000120035265000270036465000090039170000190040020230412113819.0230330b |||||||| |||| 00| 0 eng d a9781784536664 aCBULibcCBULib aeng aDS 135.Z35 Mac aMacmillan, Hugh aZion in Africa : the Jews of Zambiac/ by Hugh Macmillan and Frank Shapiro aLondon : bL.B.Tauris, c1999 axiii, 383 pages : illustrations aMACMILLAN, HUGH aSHAPIRO, FRANK aETHNIC RELATIONS aHISTORY aJEWS--HISTORY-- ZAMBIA aJEWS aShapiro, Frank